Most Guessed Countries - By The French - Statistics

General Stats
  • This quiz has been taken 64 times
  • The average score is 13 of 15
Answer Stats
% Guessed Country % Correct
93% Germany
100%
92% United Kingdom
100%
95% United States of America
98%
95% Canada
97%
97% France
97%
94% China
93%
95% Italy
93%
95% Russia
93%
92% Mexico
91%
95% Spain
91%
93% Brazil
90%
91% Japan
84%
92% Australia
81%
93% Portugal
74%
91% Morocco
64%
No matching quizzes found
Score Distribution
Percent of People with Each Score
Percentile by Number Answered
Your Score History
You have not taken this quiz